Normal Thing - Gracie Abrams - Statistics

General Stats
  • This quiz has been taken 132 times
  • The average score is 304 of 343
Answer Stats
Hint Answer % Correct
a
100%
fall
100%
Pre-Chorus | Verse 2 I
100%
(I
100%
in
100%
it
100%
Verse 1 | Verse 3 It's
100%
it's
100%
love
100%
movie
100%
No
100%
normal
100%
stars
100%
thing
100%
to
100%
with
100%
you
100%
You
100%
an
96%
the
96%
When
96%
when
96%
get
94%
go
94%
on
94%
see
94%
and
92%
And
92%
at
92%
comes
92%
end
92%
I'll
92%
I'll)
92%
one
92%
us
92%
we
92%
were
92%
all
91%
all,
91%
are
91%
Are
91%
but
91%
But
91%
lights
91%
my
91%
of
91%
was
91%
your
91%
Chorus Don't
89%
don't
89%
favorite
89%
recommend
89%
time,
89%
worry,
89%
again,
87%
again
87%
Getting
87%
guess
87%
guess)
87%
know
87%
not
87%
what
87%
for
85%
good
85%
great,
85%
how
85%
Is
85%
me
85%
story
85%
ya
85%
ya)
85%
You'll
85%
close,
83%
cry
83%
life
83%
life,
83%
low
83%
make
83%
show,
83%
that
83%
think
83%
you're
83%
You're
83%
(You're
83%
Outro Had
81%
head?
81%
right
81%
so
81%
stoned
81%
want
81%
become
79%
can't
79%
couch,
79%
Cut
79%
cute
79%
did
79%
even
79%
feeling
79%
goes,
79%
his
79%
looked
79%
now,
79%
or
79%
our
79%
there
79%
times
79%
underwhelmed
79%
affair
77%
beginning
77%
every
77%
felt
77%
guy,
77%
line
77%
more
77%
over
77%
plotline
77%
rare
77%
remember
77%
screen,
77%
scripted
77%
Swear
77%
than
77%
this
77%
call
75%
spend
75%
there's
75%
wanna
75%
face
74%
impressed
74%
notice
74%
performing
74%
private
74%
reeling
74%
saw
74%
somethin'
74%
special
74%
speeches
74%
changed
72%
didn't
72%
different
72%
else
72%
point,
72%
quiet
72%
their
72%
ago
70%
bars
70%
long
70%
noticed,
70%
known,
68%
most
68%
red
68%
everything
66%
Maybe
66%
pacing
66%
should've
66%
That's
66%
hoped,
64%
practiced
60%
'Cause
57%
No matching quizzes found
Score Distribution
Percent of People with Each Score
Percentile by Number Answered
Your Score History
You have not taken this quiz